Древние отложения Западной Башкирии

Λεπτομέρειες βιβλιογραφικής εγγραφής
Συγγραφή απο Οργανισμό/Αρχή: Академия наук СССР(АН СССР) Башкирский филиал Горно-геологический институт
Άλλοι συγγραφείς: Тимергазин К. Р. (редактор)
Γλώσσα:Ρωσικά
Έκδοση: Москва, Изд-во Академии наук СССР, 1960
Θέματα:
Μορφή: Βιβλίο
KOHA link:https://koha.lib.tpu.ru/cgi-bin/koha/opac-detail.pl?biblionumber=283572

MARC

LEADER 00000nam0a2200000 4500
001 283572
005 20231101235617.0
035 |a (RuTPU)RU\TPU\book\307695 
090 |a 283572 
100 |a 20150209d1960 k y0rusy50 ca 
101 0 |a rus 
102 |a RU 
105 |a a z 001zy 
200 1 |a Древние отложения Западной Башкирии  |f Академия наук СССР(АН СССР), Башкирский филиал, Горно-геологический институт ; под ред. К. Р. Тимергазина 
210 |a Москва  |c Изд-во Академии наук СССР  |d 1960 
215 |a 121 с.  |c ил. 
320 |a Библиогр.: с. 117-120. 
606 1 |a Стратиграфия  |2 stltpush  |3 (RuTPU)RU\TPU\subj\57192  |9 75055 
610 1 |a Башкирия 
610 1 |a горные породы 
610 1 |a возраст 
610 1 |a минералогический состав 
610 1 |a петрология 
610 1 |a органическое вещество 
610 1 |a рассеяние 
675 |a 551.7  |v 3 
702 1 |a Тимергазин  |b К. Р.  |4 340 
712 0 2 |a Академия наук СССР(АН СССР)  |b Башкирский филиал  |b Горно-геологический институт  |2 stltpush  |3 (RuTPU)RU\TPU\col\20554 
801 1 |a RU  |b 63413507  |c 20150209 
801 2 |a RU  |b 63413507  |c 20210522  |g RCR 
942 |c BK